000 00882nam a2200241 4500
003 OSt
005 20240626015342.0
006 a
008 240626b |||||||| |||| 00| 0 eng d
020 _a9789719439240
040 _aDWCL-Main lib.
_cOC
082 _2First edition
_aFil. 650.1 G573 2011
245 _aGo negosyo: Joey Concepcion’s 50 inspiring stories of young entrepreneurs: learn the secrets of their success /
250 _aFirst edition
260 _aMandaluyong City :
_bPhilippine Center for Entrepreneurship-Go Negosyo,
_cc2011.
300 _b229 p. : ill. ;
_c23 cm.
650 _a1. Business people-Philippines.
650 _a2. Creative ability in business-Philippines.
650 _a3. Success in business-Philippines.
650 _a4. Successful people-Philippines.
700 _aTina Arceo-Dumlao
942 _2ddc
_n0
_cBK - FIL
_eFirst edition
_kFil.
999 _c1358
_d1358